000 00439nam a2200133Ia 4500
008 151001s9999||||xx |||||||||||||| ||und||
100 _aमीना सोनी
245 _aप्रेमचंद और फकीर मोहन के उपन्यासों मे समाज के बदलते रूप
250 _a1
260 _bपंकज बुक्स
260 _c2010
300 _a182
365 _b21
999 _c999262
_d999259